Film Art / Αn Introduction Second Edition (Record no. 3995)
[ view plain ]
| 000 -LEADER | |
|---|---|
| fixed length control field | 01439cam a22002414a 4500 |
| 005 - ΗΜΕΡΟΜΗΝΙΑ ΚΑΙ ΩΡΑ ΤΕΛΕΥΤΑΙΑΣ ΕΝΗΜΕΡΩΣΗΣ | |
| Πεδίο ελέγχου | 20250605164131.0 |
| 008 - FIXED-LENGTH DATA ELEMENTS--GENERAL INFORMATION | |
| Πεδίο ελέγχου σταθερού μήκους | 250528s ||||||||||||||||||||||||d |
| 035 ## - SYSTEM CONTROL NUMBER | |
| System control number | 18648 |
| 020 ## - ISBN | |
| ISBN | 394352378 |
| 040 ## - ΠΗΓΗ ΚΑΤΑΛΟΓΟΓΡΑΦΗΣΗΣ | |
| Φορέας πρωτότυπης καταλογογράφησης | MC Athens Campus Library |
| Γλώσσα καταλογογράφησης | Ελληνικά, Μοντέρνα (1453-) |
| Modifying agency | MC Athens Campus Library |
| Κανόνες περιγραφικής καταλογογράφησης | AACR2 |
| 245 1# - ΤΙΤΛΟΣ ΚΑΙ ΔΗΛΩΣΗ ΥΠΕΥΘΥΝΟΤΗΤΑΣ | |
| Τίτλος | Film Art / Αn Introduction Second Edition |
| 250 ## - EDITION STATEMENT | |
| Edition statement | 2nd |
| 260 ## - PUBLICATION, DISTRIBUTION, ETC. | |
| Date of publication, distribution, etc. | 1986 |
| 300 ## - PHYSICAL DESCRIPTION | |
| Extent | 402 |
| 505 0# - FORMATTED CONTENTS NOTE | |
| Formatted contents note | Film Production, The Work of Film Production, Film Form, The Significance of Film Form, Nonnarrative Formal Systems, Narrative as a Formal System, Film Style, The Shot: Mise-en-Scene, The shot: Cinematographic Properties, The Relation of Shot to Plot: Editing, Sound in the Cinema, Style as a Formal System: Summary, Film Critisism: Sample Analyses, Film Form and Film History, Bibliography, Glossary, Alternative Films, Credits, Index. |
| 520 ## - SUMMARY, ETC. | |
| Summary, etc. | Film Production, The Work of Film Production, Film Form, The Significance of Film Form, Nonnarrative Formal Systems, Narrative as a Formal System, Film Style, The Shot: Mise-en-Scene, The shot: Cinematographic Properties, The Relation of Shot to Plot: Editing, Sound in the Cinema, Style as a Formal System: Summary, Film Critisism: Sample Analyses, Film Form and Film History, Bibliography, Glossary, Alternative Films, Credits, Index. |
| 700 1# - ΠΡΟΣΘΕΤΗ ΑΝΑΓΡΑΦΗ--ΦΥΣΙΚΟ ΠΡΟΣΩΠΟ | |
| Personal name | Alfred A. Knopf |
| 9 (RLIN) | 3578 |
| 700 1# - ΠΡΟΣΘΕΤΗ ΑΝΑΓΡΑΦΗ--ΦΥΣΙΚΟ ΠΡΟΣΩΠΟ | |
| Personal name | Bordwell David |
| 9 (RLIN) | 4913 |
| 700 1# - ΠΡΟΣΘΕΤΗ ΑΝΑΓΡΑΦΗ--ΦΥΣΙΚΟ ΠΡΟΣΩΠΟ | |
| Personal name | Thompson Kristin |
| 9 (RLIN) | 4914 |
| 942 ## - ADDED ENTRY ELEMENTS (KOHA) | |
| Koha item type | Books |
| Τύπος τεκμηρίου | Βιβλιοθήκη | Τρέχουσα τοποθεσία | Barcode | Αριθμός εισαγωγής | Ημερομηνία απόκτησης | Ταξιθετικό σύμβολο | Αριθμός αντιτύπου | Κατάσταση απόσυρσης | Κατάσταση χαμένου | Κατάσταση κατεστραμμένου | Μη δανεισμός | Σύνολο δανεισμών | Ημερομηνία τελευταίας εμφάνισης | Η τιμή ισχύει από |
|---|---|---|---|---|---|---|---|---|---|---|---|---|---|---|
| Books | MC Athens Campus Library | MC Athens Campus Library | 9780000039941 | 3554 | 05/06/2025 | 791.43/01 BOR | 1 | 05/06/2025 | 05/06/2025 |